| Tag |
First Indicator |
Second Indicator |
Subfields |
| LEADER |
00000cam a2200000 a 4500 |
| 001 |
in00001157921 |
| 005 |
20151001062444.0 |
| 008 |
921116r19931965ilua b 001 0 eng |
| 010 |
|
|
|a 92043871
|
| 020 |
|
|
|a 0226520862 (pbk. : alk. paper)
|
| 035 |
|
|
|a (OCoLC)27108151
|
| 035 |
|
|
|9 AGD5918AM
|
| 040 |
|
|
|a DLC
|c DLC
|d TXA
|d UtOrBLW
|
| 049 |
|
|
|a TXAM
|
| 050 |
0 |
0 |
|a QC16.N7
|b M38 1993
|
| 082 |
0 |
0 |
|a 816/.54
|2 20
|
| 100 |
1 |
|
|a Merton, Robert King,
|d 1910-2003.
|
| 245 |
1 |
0 |
|a On the shoulders of giants :
|b a Shandean postscript /
|c Robert K. Merton ; with a foreword by Umberto Eco, an afterword by Denis Donoghue, and a preface and postface by the author.
|
| 250 |
|
|
|a Post-Italianate ed., University of Chicago Press ed.
|
| 264 |
|
1 |
|a Chicago :
|b University of Chicago Press,
|c 1993.
|
| 300 |
|
|
|a xxv, 319 pages :
|b illustrations ;
|c 22 cm.
|
| 336 |
|
|
|a text
|b txt
|2 rdacontent
|
| 337 |
|
|
|a unmediated
|b n
|2 rdamedia
|
| 338 |
|
|
|a volume
|b nc
|2 rdacarrier
|
| 500 |
|
|
|a Originally published: New York : Free Press, 1965.
|
| 504 |
|
|
|a Includes bibliographical references and indexes.
|
| 600 |
1 |
0 |
|a Newton, Isaac,
|d 1642-1727
|x Quotations.
|
| 650 |
|
0 |
|a Science
|x Methodology
|x History.
|
| 650 |
|
0 |
|a Aphorisms and apothegms
|x History and criticism.
|
| 650 |
|
0 |
|a Learning and scholarship
|x Anecdotes.
|
| 999 |
|
|
|a MARS
|
| 999 |
f |
f |
|s 4ed1c2a3-1a23-3ff1-a20c-0d027d5a338f
|i e29d618d-390c-3c76-a820-b34fdea14427
|t 0
|
| 952 |
f |
f |
|p normal
|a Texas A&M University
|b College Station
|c Sterling C. Evans Library
|s Evans stk
|d Evans: Library Stacks
|t 0
|e QC16.N7 M38 1993
|h Library of Congress classification
|i unmediated -- volume
|m A14817717924
|
| 998 |
f |
f |
|a QC16.N7 M38 1993
|t 0
|l Evans: Library Stacks
|